| 000 | 00347nam a2200145Ia 4500 | ||
|---|---|---|---|
| 005 | 20240807062352.0 | ||
| 008 | 240806s9999||||xx |||||||||||||| ||eng|| | ||
| 041 | _aeng | ||
| 100 | _aDiwana, Srikant | ||
| 245 | 0 |
_aPatthar ke phool / _cDiwana, Srikant |
|
| 260 | _bAradhna Brothers, Kanpur-6 | ||
| 300 | _a179p. | ||
| 650 | _aHindi | ||
| 942 | _cBK | ||
| 999 |
_c16865 _d16865 |
||